000 00470nam a2200169Ia 4500
999 _c26742
_d26742
003 OSt
005 20201218114436.0
008 190216s9999||||xx |||||||||||||| ||und||
040 _coclc
082 _a894.8121
_bBAS/F
100 _aBasheer, M M
_97277
245 0 _aFinicsinte Sangeetham /
_cM M Basheer
260 _bDc Books,
_aKottayam:
300 _a176p
650 _aEssays-Kavitha
942 _cBK
_2ddc
_h894.8121
_iBAS/F
_k894.8121
_mBAS/F